Pago al tercero y apariencia jurídica / (Registro nro. 90798)

Detalles MARC
000 -CABECERA
Campo de control de longitud fija 00967caa a22003012u 4500
001 - NÚMERO DE CONTROL
Campo de control ARTICULO-004806
003 - IDENTIFICADOR DEL NÚMERO DE CONTROL
Campo de control AR-TrUNPB
007 - CAMPO FIJO DE DESCRIPCIÓN FÍSICA
Campo de control de longitud fija ta
008 - CÓDIGOS DE INFORMACIÓN DE LONGITUD FIJA
Campo de control de longitud fija 180517b ag r 000 0 spa d
040 ## - FUENTE DE LA CATALOGACIÓN
Centro catalogador de origen AR-TrUNPB
100 1# - PUNTO DE ACCESO PRINCIPAL - NOMBRE DE PERSONA
Nombre de persona Compagnucci de Caso, Rubén
245 10 - MENCIÓN DE TÍTULO
Título Pago al tercero y apariencia jurídica /
Mención de responsabilidad etc. Rubén Compagnucci de Caso
300 ## - DESCRIPCIÓN FÍSICA
Extensión p. 1237-1241
590 ## - Nota local
Nota local Registros migrados a formato MARC
650 #7 - PUNTO DE ACCESO ADICIONAL DE MATERIA - TÉRMINO DE MATERIA
Término de materia o nombre geográfico como elemento inicial ARGENTINA
Fuente del encabezamiento o término
9 (RLIN) 1506
650 #7 - PUNTO DE ACCESO ADICIONAL DE MATERIA - TÉRMINO DE MATERIA
Término de materia o nombre geográfico como elemento inicial DERECHO CIVIL
Fuente del encabezamiento o término Unescot
9 (RLIN) 2513
650 #7 - PUNTO DE ACCESO ADICIONAL DE MATERIA - TÉRMINO DE MATERIA
Término de materia o nombre geográfico como elemento inicial LEGISLACION
Fuente del encabezamiento o término Unescot
9 (RLIN) 4018
650 #7 - PUNTO DE ACCESO ADICIONAL DE MATERIA - TÉRMINO DE MATERIA
Término de materia o nombre geográfico como elemento inicial DERECHO COMPARADO
Fuente del encabezamiento o término Unescot
9 (RLIN) 2514
650 #4 - PUNTO DE ACCESO ADICIONAL DE MATERIA - TÉRMINO DE MATERIA
Término de materia o nombre geográfico como elemento inicial PAGO A FAVOR DE UN TERCERO
650 #4 - PUNTO DE ACCESO ADICIONAL DE MATERIA - TÉRMINO DE MATERIA
Término de materia o nombre geográfico como elemento inicial CESION DE CREDITOS
650 #4 - PUNTO DE ACCESO ADICIONAL DE MATERIA - TÉRMINO DE MATERIA
Término de materia o nombre geográfico como elemento inicial PAGO POR ERROR
650 #4 - PUNTO DE ACCESO ADICIONAL DE MATERIA - TÉRMINO DE MATERIA
Término de materia o nombre geográfico como elemento inicial PRUEBA
650 #4 - PUNTO DE ACCESO ADICIONAL DE MATERIA - TÉRMINO DE MATERIA
Término de materia o nombre geográfico como elemento inicial DOCTRINA
9 (RLIN) 7211
650 #4 - PUNTO DE ACCESO ADICIONAL DE MATERIA - TÉRMINO DE MATERIA
Término de materia o nombre geográfico como elemento inicial BUENA FE
773 0# - ENLACE AL DOCUMENTO FUENTE
Número bibliográfico anfitrión 84492
Otro identificador del documento TP0000451
Título Doctrina judicial
Lugar editor y fecha de publicación Buenos Aires : La Ley , 1994-
Número de control del registro relacionado Revis2-000316
Parte(s) relacionada(s) M0021 : Vol. a.20, no. 51 (2004) ; p. 1237-1241
Número de ítem anfitrión 105380
942 ## - ENTRADA PARA ELEMENTOS AGREGADOS (KOHA)
Koha [por defecto] tipo de item Artículos
910 ## - Catalogador e indizador
Catalogador/fecha sf061127

No hay ítems disponibles.

Con tecnología Koha